| 000 | 00851nam a2200229 i 4500 | ||
|---|---|---|---|
| 001 | 174428 | ||
| 003 | ES-MaACL | ||
| 005 | 20250504135328.0 | ||
| 008 | 100421s1921 sp |||| | spa d | ||
| 080 | _a821.134.2-32"18" | ||
| 100 | 1 |
_aBurgos, Carmen de, _d1867-1932 _932646 |
|
| 245 | 1 | 3 |
_aLa entrometida / _cCarmen de Burgos (Colombine). |
| 260 |
_aMadrid : _bLa Novela Corta, _c1921. |
||
| 300 |
_a[20] p. ; _c20 cm. |
||
| 490 | 1 |
_aLa Novela Corta ; _vaño 6, n. 292 |
|
| 530 | _aDisponible en formato digital. | ||
| 830 | 0 |
_aLa Novela Corta ; _vaño 6, n. 292 _9182142 |
|
| 852 |
_aES-MaACL _j2256-F-15 _cDEPOF _zRevisadom enlace: 04 de Mayo de 2025 |
||
| 856 | 4 |
_uhttp://www.bibliotecavirtualdeandalucia.es/catalogo/es/consulta/registro.cmd?id=6118 _yBiblioteca Virtual de Andalucía |
|
| 942 | _2udc | ||
| 999 |
_c174428 _d174428 |
||